Normal view
MARC view
Entry Topical Term
001 - CONTROL NUMBER
- control field: 2243
003 - CONTROL NUMBER IDENTIFIER
- control field: BD-RjUL
005 - DATE AND TIME OF LATEST TRANSACTION
- control field: 20220404114348.0
008 - FIXED-LENGTH DATA ELEMENTS
- fixed length control field: 220404|| aca||aabn | a|a d
040 ## - CATALOGING SOURCE
- Original cataloging agency: BD-RjUL
- Transcribing agency: BD-RjUL
150 ## - HEADING--TOPICAL TERM
- Topical term or geographic name entry element: Mongols
- Form subdivision: History
670 ## - SOURCE DATA FOUND
- Source citation: Work cat.: (BD-RjUL)79660: [Al-Sayyad, Fouad Abdel-Moati] ;; الصياد، فؤاد عبد المعطي 2242, المغول فى التاريخ :[almaghul fi altaarikh] :, المقدمة ١٩٦٠.